[Event "BCF-chT3S 1415 (4NCL)"]
[Site "England"]
[Date "2015.01.11"]
[Round "4.118"]
[White "Rocco, Federico"]
[Black "Cook, Michael Antony"]
[Result "0-1"]
[WhiteElo "1703"]
[BlackElo "1997"]
[PlyCount "46"]
[EventDate "2014.11.15"]
[EventType "team-swiss"]
[EventRounds "6"]
[EventCountry "ENG"]
[SourceTitle "EXT 2016"]
[Source "ChessBase"]
[SourceDate "2015.10.08"]
[SourceVersion "1"]
[SourceVersionDate "2015.10.08"]
[SourceQuality "1"]
[WhiteTeam "Barnet Knights"]
[BlackTeam "Anglian Avengers II"]
[WhiteTeamCountry "ENG"]
[BlackTeamCountry "ENG"]

1. e4 e5 2. Nf3 Nc6 3. Bb5 Nf6 4. 0-0 Bc5 5. Bxc6 dxc6 6. Nxe5 Nxe4 7. Qf3 Qd5 8. Nd3 0-0 9. Re1 f5 10. Nc3 Nxc3 11. Qxd5+ Nxd5 12. Nxc5 Nb4 13. Re7 Nxc2 14. Rb1 Nb4 15. b3 b6 16. Na4 Nd5 17. Re5 Ba6 18. Ba3 Rfe8 19. Rxf5 Bd3 20. Rf8+ Rxf8 21. Bxf8 Bxb1 22. Ba3 Re8 23. f3 Bxa2 0-1

[Event "Thessaloniki Triandria op 5th"]
[Site "Thessaloniki"]
[Date "2012.04.18"]
[Round "2"]
[White "Hartabas, Athanasios"]
[Black "Cook, Michael Antony"]
[Result "1/2-1/2"]
[WhiteElo "1671"]
[BlackElo "2005"]
[PlyCount "102"]
[EventDate "2012.04.17"]
[EventType "swiss"]
[EventRounds "7"]
[EventCountry "GRE"]
[SourceTitle "EXT 2014"]
[Source "ChessBase"]
[SourceDate "2013.11.20"]
[SourceVersion "1"]
[SourceVersionDate "2013.11.20"]
[SourceQuality "1"]

1. c4 d6 2. g3 e5 3. Bg2 f5 4. Nc3 Nf6 5. e3 c6 6. Nge2 Be7 7. d4 Na6 8. b3 0-0 9. 0-0 exd4 10. exd4 Nc7 11. Nf4 Re8 12. Re1 Bf8 13. Bb2 Bd7 14. Qd2 Rb8 15. Rxe8 Qxe8 16. Re1 Qf7 17. d5 Re8 18. a3 Rxe1+ 19. Qxe1 Qe7 20. Qxe7 Bxe7 21. h4 Kf7 22. Kf1 g6 23. Ke2 Ng4 24. Nd1 Bf6 25. Bxf6 Kxf6 26. Ne3 Ne5 27. Nd3 c5 28. f4 Nf7 29. Kd2 h6 30. Ke2 b5 31. Kd2 Be8 32. Bf1 bxc4 33. bxc4 Nd8 34. Be2 Na8 35. Bd1 Nb6 36. Nb2 g5 37. hxg5+ hxg5 38. Ng2 Bd7 39. Kd3 Nf7 40. Ke3 Bc8 41. Be2 Nh6 42. Bd1 Ba6 43. Be2 Ng4+ 44. Kf3 Bb7 45. Ne3 Nh6 46. Kg2 Ng8 47. Bd3 Ne7 48. Kf3 Bc8 49. Bc2 Bd7 50. Kf2 Be8 51. Bd1 Bd7 1/2-1/2